| LEADER 00000nam 2200000uu 4500 |
| 001 211959 |
| 003 ULIBM |
| 008 020711s2560 th a 000 0 tha d |
| 020 08576521
|
| 041 ^atha^beng
|
| 060 4 อ WA900.JT3 สร356 2560
|
| 245 สรุปรายงานการเฝ้าระวังโรค ประจำปี 2559=^bAnnual epidemiological surveillance report 2016/^cสำนักระบาดวิทยา กรมควบคุมโรค กระทรวงสาธารณสุข
|
| 246 31 ^aAnnual epidemiological surveillance report 2016
|
| 260 นนทบุรี :^bสำนักระบาดวิทยา กรมควบคุมโรค กระทรวงสาธารณสุข,^c2560
|
| 300 272 หน้า :^bภาพประกอบ ;^c29 ซม.
|
| 650 4 สำนักระบาดวิทยา^xรายงานประจำปี
|
| 650 4 ^aระบาดวิทยา^xสถิติ
|
| 710 2 ^aกรมควบคุมโรค. สำนักระบาดวิทยา
|
| 856 ^zสำนักระบาดวิทยา.pdf (สารบัญหนังสือ)^uhttp://110.164.94.213/ULIB62015//_fulltext/5/211959/20180504085204_1718.pdf |
| 999 ^aใช้งานได้ทุกระบบ
|